| 000 | 01130pam a2200349 a 4500 | ||
|---|---|---|---|
| 999 |
_c2691 _d2691 |
||
| 001 | 015103107 | ||
| 003 | Uk | ||
| 005 | 20230810114539.0 | ||
| 008 | 090327s2009 enkabc j b 001 0 eng|d | ||
| 020 | _a9780340984963 (pbk.) : | ||
| 020 | _a0340984961 (pbk.) : | ||
| 040 |
_aStDuBDS _beng _cStDuBDS _dUk _dKH8 |
||
| 042 | _aukblcatcopy | ||
| 082 | 0 | 4 | _a940.531 FAR |
| 100 | 1 |
_aFarmer, Alan. _eauthor. |
|
| 245 | 1 | 0 |
_aAnti-semitism and the Holocaust / _cAlan Farmer. |
| 250 | _a2nd ed. | ||
| 260 |
_aLondon : _bHodder Education, _c2009. |
||
| 300 |
_aiv, 178 pages : _bill., maps, ports. ; _c9.4 x 0.5 x 6.8 inches. |
||
| 336 |
_atext _2rdacontent |
||
| 337 |
_aunmediated _2rdamedia |
||
| 338 |
_avolume _2rdacarrier |
||
| 490 | 0 | _aAccess to history | |
| 500 | _aPrevious ed.: London: Hodder & Stoughton, 1998. | ||
| 500 | _aIncludes Index | ||
| 500 |
_aFormerly CIP. _5Uk |
||
| 504 | _aIncludes bibliographical references and index. | ||
| 650 | 0 | _aHolocaust, Jewish (1939-1945) | |
| 650 | 0 |
_aAntisemitism _zEurope _xHistory _y20th century. |
|
| 651 | 0 |
_aGermany _xPolitics and government _y1933-1945. |
|
| 942 |
_2ddc _cTR |
||